[Event "Varese op 19th"]
[Site "Varese"]
[Date "2022.10.09"]
[Round "5"]
[White "Donghi, Fabio"]
[Black "D'Aulisa, Francesco"]
[Result "0-1"]
[WhiteElo "1421"]
[BlackElo "1555"]
[PlyCount "72"]
[EventDate "2022.10.07"]
[EventType "swiss"]
[EventRounds "5"]
[EventCountry "ITA"]
[SourceTitle "EXT 2024"]
[Source "ChessBase"]
[SourceDate "2023.10.10"]
[SourceVersion "1"]
[SourceVersionDate "2023.10.10"]
[SourceQuality "1"]

1. c3 e6 2. d4 d6 3. e4 h6 4. Be3 Ne7 5. Nd2 a6 6. g3 b6 7. Bg2 Bb7 8. Ngf3 Nd7 9. Qc2 g5 10. h3 Ng6 11. Nh2 e5 12. f3 Qe7 13. d5 Bc8 14. Bf2 Nf6 15. Nc4 Bd7 16. Ne3 Qd8 17. Nhg4 h5 18. Nxf6+ Qxf6 19. Qd2 Qd8 20. h4 gxh4 21. gxh4 Nf4 22. 0-0-0 Bh6 23. Kb1 Nxg2 24. Nxg2 Bxd2 25. Rxd2 Qf6 26. f4 0-0-0 27. fxe5 Qxe5 28. Re1 f6 29. Bd4 Qe7 30. Rf2 Rhf8 31. Nf4 Qh7 32. Ne6 Bxe6 33. dxe6 Rde8 34. e7 Rxe7 35. Rxf6 Rxf6 36. Bxf6 Rxe4 0-1

[Event "Serpiano op"]
[Site "Serpiano"]
[Date "2021.11.27"]
[Round "3"]
[White "Donghi, Fabio"]
[Black "Giganti, Marco"]
[Result "0-1"]
[WhiteElo "1452"]
[BlackElo "1404"]
[PlyCount "112"]
[EventDate "2021.11.27"]
[EventType "swiss"]
[EventRounds "5"]
[EventCountry "SUI"]
[SourceTitle "CBM 205 Extra"]
[Source "ChessBase"]
[SourceDate "2022.01.31"]
[SourceVersion "1"]
[SourceVersionDate "2022.01.31"]
[SourceQuality "1"]

1. d4 Nf6 2. c4 e6 3. Nf3 d5 4. e3 Nbd7 5. Bd3 dxc4 6. Bxc4 c5 7. 0-0 cxd4 8. exd4 Be7 9. Nc3 0-0 10. Re1 a6 11. d5 Nb6 12. Bb3 exd5 13. Be3 Be6 14. Bxb6 Qxb6 15. Nxd5 Nxd5 16. Bxd5 Rad8 17. Qb3 Qxb3 18. Bxb3 Bxb3 19. Rxe7 Bd5 20. Ne1 Rfe8 21. Rxe8+ Rxe8 22. b3 Re2 23. Kf1 Rd2 24. Rc1 Bc6 25. Rc2 Bb5+ 26. Kg1 Rd8 27. f3 g6 28. Kf2 Kg7 29. g3 Rd5 30. f4 Bc6 31. Nf3 f6 32. h4 Rd3 33. Ne1 Rd1 34. Ke2 Ra1 35. Rd2 Bb5+ 36. Kf2 f5 37. Nf3 Rf1+ 38. Kg2 Ra1 39. Nd4 Bd7 40. Kf2 Kh6 41. Nf3 Bb5 42. Ne1 Kh5 43. Rb2 Kg4 44. Rd2 Bc6 45. Rb2 Be4 46. Nc2 Rh1 47. Ne3+ Kh3 48. Nf1 Bd3 49. Nd2 Rh2+ 50. Ke3 Be4 51. Nc4 Rxb2 52. Nxb2 Kxg3 53. h5 gxh5 54. Nd1 h4 55. Nf2 h3 56. Nxe4+ fxe4 0-1

[Event "Varese Province-ch"]
[Site "Gallarate"]
[Date "2010.01.30"]
[Round "4"]
[White "Tomassoni, Leonardo"]
[Black "Donghi, Fabio"]
[Result "1-0"]
[WhiteElo "1937"]
[BlackElo "1615"]
[PlyCount "53"]
[EventDate "2010.01.23"]
[EventType "swiss"]
[EventRounds "6"]
[EventCountry "ITA"]
[SourceTitle "EXT 2024"]
[Source "ChessBase"]
[SourceDate "2023.10.10"]
[SourceVersion "1"]
[SourceVersionDate "2023.10.10"]
[SourceQuality "1"]

1. e4 c5 2. Nf3 d6 3. d4 cxd4 4. Nxd4 Nf6 5. Nc3 a6 6. Be2 Nbd7 7. 0-0 g6 8. Be3 Bg7 9. Qd2 Nc5 10. f3 Ne6 11. Rad1 Nxd4 12. Bxd4 0-0 13. Kh1 b5 14. Nd5 Nd7 15. Bxg7 Kxg7 16. f4 Nc5 17. Qd4+ Kg8 18. f5 Bb7 19. fxg6 hxg6 20. Rf3 Bxd5 21. exd5 Nd7 22. Rh3 f6 23. Qh4 Kf7 24. Qh7+ Ke8 25. Qxg6+ Rf7 26. Rh8+ Nf8 27. Bh5 1-0

[Event "Varese op 9th"]
[Site "Varese"]
[Date "2009.10.18"]
[Round "6"]
[White "Picchi, Luciano Enrico"]
[Black "Donghi, Fabio"]
[Result "1/2-1/2"]
[WhiteElo "1464"]
[BlackElo "1664"]
[PlyCount "82"]
[EventDate "2009.10.10"]
[EventType "swiss"]
[EventRounds "6"]
[EventCountry "ITA"]
[SourceTitle "EXT 2024"]
[Source "ChessBase"]
[SourceDate "2023.10.10"]
[SourceVersion "1"]
[SourceVersionDate "2023.10.10"]
[SourceQuality "1"]

1. e4 c5 2. Nf3 e6 3. c4 d6 4. Nc3 b6 5. Be2 Be7 6. b3 Nc6 7. Bb2 Nf6 8. d3 0-0 9. 0-0 Bb7 10. Qd2 a6 11. Nd1 Qc7 12. Qf4 e5 13. Qd2 Bc8 14. h3 Bd7 15. Ne3 Qc8 16. Kh2 Nd4 17. Ng1 Nxe2 18. Qxe2 Be6 19. Rac1 g6 20. f4 exf4 21. Rxf4 Nh5 22. Rf3 Bg5 23. Rcf1 Ra7 24. Nd5 Bxd5 25. cxd5 Re7 26. g4 Ng7 27. Bf6 Bxf6 28. Rxf6 Ne8 29. R6f2 Nc7 30. Qd2 Kg7 31. Rf6 Qd7 32. Qb2 Kg8 33. Qd2 Ne8 34. R6f4 a5 35. Ne2 Kg7 36. Nc3 b5 37. Qb2 Kg8 38. Qd2 Nc7 39. Ne2 b4 40. Qc2 Nb5 41. Qb2 Nc7 1/2-1/2

[Event "Varese op 9th"]
[Site "Varese"]
[Date "2009.10.11"]
[Round "4"]
[White "Tosetto, Flavio"]
[Black "Donghi, Fabio"]
[Result "1-0"]
[WhiteElo "1656"]
[BlackElo "1664"]
[PlyCount "83"]
[EventDate "2009.10.10"]
[EventType "swiss"]
[EventRounds "6"]
[EventCountry "ITA"]
[SourceTitle "EXT 2024"]
[Source "ChessBase"]
[SourceDate "2023.10.10"]
[SourceVersion "1"]
[SourceVersionDate "2023.10.10"]
[SourceQuality "1"]

1. e4 c5 2. f4 a6 3. Nf3 d6 4. Bc4 e6 5. 0-0 b5 6. Be2 Be7 7. e5 Nc6 8. c3 Qc7 9. d4 d5 10. Be3 c4 11. Bf2 f5 12. exf6 Nxf6 13. Ne5 Nxe5 14. fxe5 Ne4 15. Be1 Rf8 16. Bh5+ g6 17. Bf3 Ng5 18. Be2 Rxf1+ 19. Kxf1 Bf8 20. Bh4 Qf7+ 21. Kg1 Ne4 22. Nd2 Bh6 23. Nxe4 dxe4 24. Bf6 Bb7 25. Qe1 Bd5 26. Qh4 Be3+ 27. Kh1 Kd7 28. Rf1 Rf8 29. Qe1 Bh6 30. Bh4 Qg8 31. Bf6 Rf7 32. Bd1 Qf8 33. Bc2 e3 34. Qe2 Bg5 35. Kg1 Bxf6 36. Rxf6 Rxf6 37. exf6 Qxf6 38. Qxe3 Qf7 39. Qe5 Qf8 40. Bd1 Bc6 41. Bg4 Bd5 42. Qxd5+ 1-0

[Event "Ceriano Laghetto op-B 18th"]
[Site "Ceriano Laghetto"]
[Date "2009.03.27"]
[Round "1"]
[White "Donghi, Fabio"]
[Black "Lanni, Vincenzo"]
[Result "1/2-1/2"]
[WhiteElo "1670"]
[BlackElo "1870"]
[PlyCount "99"]
[EventDate "2009.03.27"]
[EventType "swiss"]
[EventRounds "5"]
[EventCountry "ITA"]
[SourceTitle "EXT 2011"]
[Source "ChessBase"]
[SourceDate "2010.11.26"]
[SourceVersion "1"]
[SourceVersionDate "2010.11.26"]
[SourceQuality "1"]

1. Nf3 g6 2. d4 Bg7 3. c3 d5 4. Bf4 Nf6 5. h3 Nbd7 6. e3 0-0 7. Bd3 c5 8. Nbd2 Re8 9. 0-0 Nh5 10. Bh2 e5 11. dxe5 Nxe5 12. Nxe5 Bxe5 13. Bxe5 Rxe5 14. Nf3 Re8 15. Bb5 Bd7 16. Qa4 Bxb5 17. Qxb5 Qc7 18. Rad1 Nf6 19. Qb3 Rad8 20. c4 dxc4 21. Qxc4 b6 22. Qh4 Kg7 23. Qc4 h6 24. Qc3 b5 25. Rxd8 Rxd8 26. Nd2 Qe7 27. Nb3 c4 28. Nd4 Qb7 29. Qa5 Rd5 30. Rd1 Rg5 31. g3 Ne4 32. Qe1 Kh7 33. Ne2 Rf5 34. f4 g5 35. g4 Rd5 36. Rxd5 Qxd5 37. Nc3 Nxc3 38. bxc3 a5 39. fxg5 hxg5 40. Qb1+ Kg7 41. e4 Qc5+ 42. Kg2 b4 43. cxb4 axb4 44. Kf3 c3 45. Qc1 Qe5 46. Qc2 Kf6 47. Kg2 Qd4 48. Kf3 Ke5 49. Qh2+ Ke6 50. Qc2 1/2-1/2